00780nam a2200241Ia 4500003000900000005001700009008004100026040001300067040001300080041000800093100002400101245009700125250000900222260002100231260000900252300001100261300001000272490001800282490000600300942001200306999001700318952020300335IT-RoPAU20220918175739.0120407s9999 xx 000 0 und d aIT-RoPAU cIT-RoPAU aita aAndrea Gemma935667 aReligiosi, oggi e domani. Corso di esercizi spirituali sul rinnovamento della vita religiosa aAlba aEdizioni Paoline c1971 a192 p. c23 cm a1. Religiosi. v1 cBK2ddc c27998d27998 00102ddc406248_700000000000000_5071aPAULUSbPAULUSd2012-04-11l0o248.7.50r2012-04-11 00:00:00w2012-04-11yBKzInserito da: Anna In data: 12 settembre 2011 fondo: Via A.Severo 56 Progr:30884